Amoeba - Clairo (Lyrics) - Statistics

General Stats
  • This quiz has been taken 12 times
  • The average score is 144 of 252
Answer Stats
Answer % Correct
a
90%
i
90%
the
90%
to
90%
be
80%
between
80%
epiphany
80%
gaps
80%
in
80%
some
80%
was
80%
you
80%
and
70%
disguise?
70%
echo
70%
inside
70%
laps
70%
memory
70%
neighborhood
70%
not
70%
reside
70%
swimming
70%
that
70%
what
70%
your
70%
aren't
60%
as
60%
but
60%
chambers
60%
close
60%
corner
60%
everything
60%
family
60%
gather
60%
glad
60%
good
60%
got
60%
have
60%
haven't
60%
hell
60%
hope
60%
join
60%
of
60%
party
60%
pool
60%
twice
60%
woods
60%
you're
60%
called
50%
centerfold
50%
could
50%
deep
50%
differently
50%
even
50%
goes
50%
i'll
50%
just
50%
keep
50%
leave
50%
mama's
50%
nobody
50%
say
50%
shed
50%
show
50%
tonight
50%
tried?
50%
tried
50%
up
50%
yet
50%
can
40%
cement?
40%
ends
40%
friend
40%
humility's
40%
shown
40%
how
30%
it
30%
lack
30%
myself
30%
sewn
30%
under
30%
wraps
30%
you've
30%
find
20%
photos
20%
sentiment
20%
toes
20%
turns
20%
twelve
20%
when
20%
back
10%
convice
10%
into
10%
jealousy
10%
know
10%
one
10%
touched
10%
we'll
10%
can't
0%
deny
0%
fool's
0%
forever-while
0%
goosbyes
0%
here
0%
imitate
0%
mock
0%
normalcy
0%
point
0%
precious
0%
pulling
0%
shop
0%
sip
0%
time
0%
toast
0%
toshed
0%
wasting
0%
way
0%
No matching quizzes found
Score Distribution
Percent of People with Each Score
Percentile by Number Answered
Your Score History
You have not taken this quiz